ARRUPE JESUIT UNIVERSITY

CORONAVIRUS -STOP THE SPREAD - CLEAN,DISINFECT,COVER

Gendered modernisms : (Record no. 126784)

MARC details
000 -LEADER
fixed length control field 01553cam a2200361 a 4500
001 - CONTROL NUMBER
control field 3507489
003 - CONTROL NUMBER IDENTIFIER
control field ARRUPE
005 - DATE AND TIME OF LATEST TRANSACTION
control field 20170825093225.0
008 - FIXED-LENGTH DATA ELEMENTS--GENERAL INFORMATION
fixed length control field 950918s1996 pau b 001 0 eng
010 ## - LIBRARY OF CONGRESS CONTROL NUMBER
LC control number 95042906
020 ## - INTERNATIONAL STANDARD BOOK NUMBER
International Standard Book Number 0812233123 (cloth : acidfree paper)
020 ## - INTERNATIONAL STANDARD BOOK NUMBER
International Standard Book Number 0812215508 (paper : acidfree paper)
040 ## - CATALOGING SOURCE
Original cataloging agency DLC
Transcribing agency DLC
Modifying agency DLC
043 ## - GEOGRAPHIC AREA CODE
Geographic area code n-us---
050 00 - LIBRARY OF CONGRESS CALL NUMBER
Classification number PS310.M57
Item number G46 1996
082 00 - DEWEY DECIMAL CLASSIFICATION NUMBER
Classification number 811/.5099287
Edition number 20
300 ## - PHYSICAL DESCRIPTION
Dimensions 24 cm.
245 00 - TITLE STATEMENT
Title Gendered modernisms :
Remainder of title American women poets and their readers /
Statement of responsibility, etc edited by Margaret Dickie and Thomas Travisano.
260 ## - PUBLICATION, DISTRIBUTION, ETC. (IMPRINT)
Place of publication, distribution, etc Philadelphia :
Name of publisher, distributor, etc University of Pennsylvania Press,
Date of publication, distribution, etc c1996.
300 ## - PHYSICAL DESCRIPTION
Extent xvi, 321 p. ;
504 ## - BIBLIOGRAPHY, ETC. NOTE
Bibliography, etc Includes bibliographical references and index.
650 #0 - SUBJECT ADDED ENTRY--TOPICAL TERM
Topical term or geographic name as entry element American poetry
General subdivision Women authors
-- History and criticism.
9 (RLIN) 35252
650 #0 - SUBJECT ADDED ENTRY--TOPICAL TERM
Topical term or geographic name as entry element Modernism (Literature)
Geographic subdivision United States.
9 (RLIN) 35253
650 #0 - SUBJECT ADDED ENTRY--TOPICAL TERM
Topical term or geographic name as entry element Women and literature
Geographic subdivision United States
General subdivision History
Chronological subdivision 20th century.
9 (RLIN) 35254
650 #0 - SUBJECT ADDED ENTRY--TOPICAL TERM
Topical term or geographic name as entry element Authors and readers
Geographic subdivision United States
General subdivision History
Chronological subdivision 20th century.
9 (RLIN) 35255
650 #0 - SUBJECT ADDED ENTRY--TOPICAL TERM
Topical term or geographic name as entry element Books and reading
Geographic subdivision United States
General subdivision History
Chronological subdivision 20th century.
9 (RLIN) 35256
650 #0 - SUBJECT ADDED ENTRY--TOPICAL TERM
Topical term or geographic name as entry element American poetry
Chronological subdivision 20th century
General subdivision History and criticism.
9 (RLIN) 15925
650 #0 - SUBJECT ADDED ENTRY--TOPICAL TERM
Topical term or geographic name as entry element Canon (Literature)
9 (RLIN) 35257
700 1# - ADDED ENTRY--PERSONAL NAME
Personal name Dickie, Margaret,
Dates associated with a name 1935-
9 (RLIN) 35247
700 1# - ADDED ENTRY--PERSONAL NAME
Personal name Travisano, Thomas J.,
Dates associated with a name 1951-
9 (RLIN) 35258
906 ## - LOCAL DATA ELEMENT F, LDF (RLIN)
a 7
b cbc
c orignew
d 1
e ocip
f 19
g y-gencatlg
942 ## - ADDED ENTRY ELEMENTS (KOHA)
Source of classification or shelving scheme Library of Congress Classification
Koha item type Monograph ( Printed materials)
Holdings
Withdrawn status Lost status Source of classification or shelving scheme Damaged status Not for loan Collection code Home library Current library Shelving location Date acquired Total Checkouts Full call number Barcode Date last seen Price effective from Koha item type
    Library of Congress Classification     Main Collection ARRUPE LIBRARY ARRUPE LIBRARY Main Collection 25/08/2017   PS310.M57 G46 1996 46500023474 25/08/2017 25/08/2017 Monograph ( Printed materials)

 

Arrupe Library. PO Box MP320 Mt Pleasant, Harare, Zimbabwe
263 242 745411|librarian@aju.ac.zw